[Event "Monarch Assurance Isle of Man 15th"]
[Site "Port Erin IOM"]
[Date "2006.09.23"]
[Round "1.27"]
[White "Arkell, Keith"]
[Black "Fairbairn, Stephen"]
[Result "1-0"]
[WhiteElo "2479"]
[BlackElo "2088"]
[PlyCount "81"]
[EventDate "2006.09.23"]
[EventType "swiss"]
[EventRounds "9"]
[EventCountry "IOM"]

1. e4 e5 2. Nf3 Nc6 3. Bb5 a6 4. Bxc6 dxc6 5. b3 Bg4 6. h3 Bh5 7. Bb2 f6 8. d4
exd4 9. Qxd4 Bxf3 10. gxf3 Qxd4 11. Bxd4 Bd6 12. Nd2 Ne7 13. Nc4 Ng6 14. Nxd6+
cxd6 15. Rd1 Ke7 16. Rg1 Rhg8 17. Be3 Ne5 18. Ke2 Nf7 19. h4 Rae8 20. h5 Ke6
21. Rg3 g5 22. hxg6 Rxg6 23. Rh1 Rxg3 24. fxg3 h6 25. g4 Rh8 26. Rh5 d5 27.
exd5+ cxd5 28. Bf4 Rc8 29. Kd3 Ng5 30. Bxg5 hxg5 31. Rh7 b5 32. Ra7 Rc6 33. Kd4
Rxc2 34. Rxa6+ Ke7 35. Kxd5 Rc3 36. Ra7+ Kf8 37. Ke6 Rxf3 38. Rf7+ Kg8 39. Rxf6
Re3+ 40. Kf5 Re2 41. Ra6 1-0

[Event "Monarch Assurance Isle of Man 15th"]
[Site "Port Erin IOM"]
[Date "2006.09.23"]
[Round "1.28"]
[White "Lunn, Timothy"]
[Black "Williams, Simon K"]
[Result "0-1"]
[WhiteElo "2079"]
[BlackElo "2473"]
[PlyCount "36"]
[EventDate "2006.09.23"]
[EventType "swiss"]
[EventRounds "9"]
[EventCountry "IOM"]

1. c4 f5 2. Nc3 Nf6 3. d4 e6 4. e3 b6 5. Bd3 Bb7 6. f3 Bd6 7. Qc2 Nh5 8. Nh3
O-O 9. O-O a6 10. e4 Nc6 11. Be3 f4 12. Bf2 e5 13. dxe5 Bxe5 14. Rfd1 d6 15.
Bf1 Bc8 16. c5 bxc5 17. Bxc5 Bxh3 18. gxh3 Qg5+ 0-1

[Event "Monarch Assurance Isle of Man 15th"]
[Site "Port Erin IOM"]
[Date "2006.09.23"]
[Round "1.29"]
[White "Paehtz, Elisabeth"]
[Black "Fraser-Mitchell, Jeremy"]
[Result "1-0"]
[WhiteElo "2456"]
[BlackElo "2077"]
[PlyCount "47"]
[EventDate "2006.09.23"]
[EventType "swiss"]
[EventRounds "9"]
[EventCountry "IOM"]

1. e4 e6 2. d4 d5 3. Nd2 Nf6 4. e5 Nfd7 5. f4 c5 6. Ndf3 Nc6 7. Ne2 Qb6 8. c3
Be7 9. a3 a5 10. f5 cxd4 11. cxd4 Qd8 12. fxe6 fxe6 13. Nf4 Nb6 14. Bd3 O-O 15.
Qc2 g6 16. Bxg6 hxg6 17. Qxg6+ Kh8 18. Nh5 Bh4+ 19. g3 Qe7 20. Qh6+ Kg8 21.
gxh4 Rxf3 22. Rg1+ Kf7 23. Qg6+ Kf8 24. Qg8# 1-0

[Event "Monarch Assurance Isle of Man 15th"]
[Site "Port Erin IOM"]
[Date "2006.09.23"]
[Round "1.30"]
[White "Spanton, Tim"]
[Black "Zatonskih, Anna"]
[Result "0-1"]
[WhiteElo "2075"]
[BlackElo "2432"]
[PlyCount "74"]
[EventDate "2006.09.23"]
[EventType "swiss"]
[EventRounds "9"]
[EventCountry "IOM"]

1. d4 e6 2. e4 d5 3. Nc3 h6 4. Nf3 Bb4 5. Bd2 Bxc3 6. Bxc3 dxe4 7. Ne5 Nf6 8.
Bc4 O-O 9. O-O b6 10. Bb4 Re8 11. Bb5 Nfd7 12. Qh5 Qf6 13. Rae1 Qf5 14. Qe2 a6
15. Nxd7 Bxd7 16. Bxd7 Nxd7 17. Qxe4 Qb5 18. Bc3 Nf6 19. Qe2 Nd5 20. Qd2 Qc4
21. a3 Red8 22. Re4 c5 23. Rfe1 Nxc3 24. bxc3 cxd4 25. cxd4 Rac8 26. Rg4 Kf8
27. h3 Qc3 28. Qe2 Rd5 29. Rf4 Rc6 30. Rb1 b5 31. Rb3 Qxc2 32. Qf3 Rc7 33. Re3
Qc6 34. Qg4 Rg5 35. Qf3 Qxf3 36. Rexf3 Rd5 37. Kf1 Rcd7 0-1

[Event "Monarch Assurance Isle of Man 15th"]
[Site "Port Erin IOM"]
[Date "2006.09.23"]
[Round "1.31"]
[White "Haslinger, Stewart"]
[Black "Werner, Gert"]
[Result "1-0"]
[WhiteElo "2423"]
[BlackElo "2069"]
[PlyCount "77"]
[EventDate "2006.09.23"]
[EventType "swiss"]
[EventRounds "9"]
[EventCountry "IOM"]

1. e4 g6 2. d4 Bg7 3. Nc3 c6 4. Nf3 d5 5. h3 Nf6 6. e5 Ne4 7. Nxe4 dxe4 8. Ng5
O-O 9. Nxe4 Bf5 10. Ng3 Be6 11. Be3 c5 12. f4 cxd4 13. Qxd4 Nc6 14. Qxd8 Rfxd8
15. c3 f6 16. exf6 Bxf6 17. h4 Na5 18. h5 Nc4 19. Bxc4 Bxc4 20. hxg6 hxg6 21.
Kf2 Rf8 22. Rh6 Kg7 23. Rah1 Bd3 24. Rh7+ Kg8 25. Bd4 e5 26. fxe5 Bxe5+ 27. Ke3
Bxd4+ 28. cxd4 Ba6 29. Ne4 Rae8 30. d5 g5 31. d6 Bb5 32. Rh8+ Kg7 33. R1h7+ Kg6
34. Rxf8 Rxf8 35. Rxb7 a6 36. Re7 Rd8 37. Re5 Re8 38. Rxe8 Bxe8 39. Nc5 1-0

[Event "Monarch Assurance Isle of Man 15th"]
[Site "Port Erin IOM"]
[Date "2006.09.23"]
[Round "1.32"]
[White "Cafolla, Peter"]
[Black "Hanley, Craig A"]
[Result "0-1"]
[WhiteElo "2062"]
[BlackElo "2419"]
[PlyCount "68"]
[EventDate "2006.09.23"]
[EventType "swiss"]
[EventRounds "9"]
[EventCountry "IOM"]

1. d4 Nf6 2. c4 e6 3. Nc3 Bb4 4. f3 d5 5. a3 Bxc3+ 6. bxc3 c5 7. cxd5 Nxd5 8.
Qd2 f5 9. Nh3 O-O 10. e3 Nc6 11. Bc4 Na5 12. Ba2 Qh4+ 13. Nf2 c4 14. O-O b5 15.
Qb2 Bd7 16. e4 Nb6 17. exf5 Rxf5 18. Bd2 e5 19. g3 Qd8 20. Nd3 Na4 21. Qc2 exd4
22. cxd4 Nc6 23. Be3 Qe7 24. Rae1 Qxa3 25. g4 Rf7 26. Ne5 Nxe5 27. dxe5 Nc3 28.
Bb1 Nxb1 29. Qxb1 Bc6 30. f4 Rd8 31. f5 Rd3 32. Qc1 Qe7 33. e6 Rf8 34. Bf4 Qh4
0-1

[Event "Monarch Assurance Isle of Man 15th"]
[Site "Port Erin IOM"]
[Date "2006.09.23"]
[Round "1.33"]
[White "Cox, John J"]
[Black "Henderikse, Bert"]
[Result "1-0"]
[WhiteElo "2418"]
[BlackElo "2019"]
[PlyCount "65"]
[EventDate "2006.09.23"]
[EventType "swiss"]
[EventRounds "9"]
[EventCountry "IOM"]

1. d4 d6 2. Nf3 g6 3. c4 Bg7 4. Nc3 Nf6 5. e4 O-O 6. Be2 Nbd7 7. Be3 e5 8. d5
Nc5 9. Nd2 a5 10. O-O Nfd7 11. b3 f5 12. f3 Nf6 13. a3 fxe4 14. fxe4 Bd7 15. b4
axb4 16. axb4 Rxa1 17. Qxa1 Na6 18. c5 Ng4 19. Rxf8+ Bxf8 20. Bxg4 Bxg4 21. c6
Bc8 22. b5 Nc5 23. Qa8 b6 24. Nf3 Be7 25. Bxc5 bxc5 26. h3 Kg7 27. Qb8 g5 28.
b6 cxb6 29. Nb5 Ba6 30. Qxd8 Bxd8 31. Nxd6 b5 32. c7 Bf6 33. Nxb5 1-0

[Event "Monarch Assurance Isle of Man 15th"]
[Site "Port Erin IOM"]
[Date "2006.09.23"]
[Round "1.35"]
[White "Siebrecht, Sebastian"]
[Black "Majer, Chris"]
[Result "0-1"]
[WhiteElo "2417"]
[BlackElo "1991"]
[PlyCount "144"]
[EventDate "2006.09.23"]
[EventType "swiss"]
[EventRounds "9"]
[EventCountry "IOM"]

1. d4 Nf6 2. Nf3 c5 3. d5 b5 4. Bg5 Ne4 5. Bh4 Qa5+ 6. c3 Bb7 7. Qd3 Nf6 8. e4
a6 9. Nbd2 d6 10. a4 Nbd7 11. b4 cxb4 12. Nb3 Qc7 13. cxb4 bxa4 14. Rxa4 Rc8
15. Nfd2 g6 16. Be2 Bg7 17. O-O O-O 18. Qb1 Ra8 19. Rc1 Qb8 20. Na5 Rc8 21.
Rxc8+ Qxc8 22. Ra2 Kf8 23. Ndc4 Rb8 24. Rc2 Qd8 25. f3 Ne8 26. Bf2 Ba8 27. Nc6
Bxc6 28. dxc6 Nc5 29. e5 Qc7 30. Qd1 Ne6 31. exd6 exd6 32. Ne3 Bd4 33. Qd2 Qa7
34. Bf1 N8c7 35. f4 Nxf4 36. Ng4 Bxf2+ 37. Nxf2 Nfe6 38. Qxd6+ Kg8 39. Re2 Rd8
40. Qe7 Re8 41. Qh4 Qb6 42. Rd2 Rb8 43. Bc4 Qe3 44. Rd7 Qe1+ 45. Bf1 Rxb4 46.
Qf6 Rf4 47. Rd8+ Nxd8 48. Qxf4 Nde6 49. Qd6 Qa1 50. g3 Qd4 51. Qe7 a5 52. Bh3
Qc5 53. Qd7 a4 54. Bxe6 Nxe6 55. Kg2 a3 56. Ng4 Kg7 57. Qd2 Qxc6+ 58. Kh3 Nf8
59. Qd4+ f6 60. Qb4 Qe6 61. Kg2 a2 62. Qb7+ Qd7 63. Qa6 Qxg4 64. Qxa2 h5 65. h4
Qe6 66. Qa7+ Qd7 67. Qb8 Ne6 68. Kf3 Nd4+ 69. Ke3 Nf5+ 70. Kf2 Qd2+ 71. Kf3
Qd3+ 72. Kg2 Qxg3+ 0-1

[Event "Monarch Assurance Isle of Man 15th"]
[Site "Port Erin IOM"]
[Date "2006.09.23"]
[Round "1.36"]
[White "De Lagontrie, Jean"]
[Black "Sarakauskas, Gediminas"]
[Result "0-1"]
[WhiteElo "1974"]
[BlackElo "2414"]
[PlyCount "76"]
[EventDate "2006.09.23"]
[EventType "swiss"]
[EventRounds "9"]
[EventCountry "IOM"]

1. d4 Nf6 2. c4 c5 3. d5 e6 4. Nc3 exd5 5. cxd5 d6 6. e4 g6 7. f4 Bg7 8. Nf3
O-O 9. Be2 Re8 10. e5 dxe5 11. fxe5 Ng4 12. O-O Nxe5 13. Bf4 Bf5 14. Nxe5 Bxe5
15. Qd2 Nd7 16. d6 Nf6 17. Rad1 Bd4+ 18. Kh1 a6 19. Bf3 Ne4 20. Nxe4 Bxe4 21.
Bxe4 Rxe4 22. Rfe1 Re6 23. Rxe6 fxe6 24. Re1 Qd7 25. Qe2 Rf8 26. Bg3 Rf5 27. b3
Kf7 28. h4 e5 29. Qc4+ Qe6 30. d7 Qxc4 31. bxc4 Ke7 32. Rb1 b5 33. cxb5 axb5
34. Rxb5 c4 35. Rd5 Kd8 36. Kh2 c3 37. a4 Rf1 38. h5 g5 0-1

[Event "Monarch Assurance Isle of Man 15th"]
[Site "Port Erin IOM"]
[Date "2006.09.23"]
[Round "1.37"]
[White "Palliser, Richard JD"]
[Black "Nicholson, John"]
[Result "1-0"]
[WhiteElo "2413"]
[BlackElo "1945"]
[PlyCount "53"]
[EventDate "2006.09.23"]
[EventType "swiss"]
[EventRounds "9"]
[EventCountry "IOM"]

1. d4 Nf6 2. c4 e6 3. Nc3 Bb4 4. f3 c5 5. d5 exd5 6. cxd5 d6 7. e4 O-O 8. Nge2
Re8 9. Ng3 Nbd7 10. Be2 a6 11. O-O b5 12. a4 bxa4 13. Nxa4 Ne5 14. Bg5 h6 15.
Bxf6 Qxf6 16. Nb6 Rb8 17. Nxc8 Rexc8 18. Nh5 Qe7 19. f4 Nd7 20. Bxa6 Rc7 21. e5
c4 22. Qg4 f5 23. Qxf5 dxe5 24. Kh1 Rb6 25. fxe5 Nxe5 26. Bxc4 g6 27. d6+ 1-0

[Event "Monarch Assurance Isle of Man 15th"]
[Site "Port Erin IOM"]
[Date "2006.09.23"]
[Round "1.38"]
[White "Marks, Ian A"]
[Black "Vasilevich, Tatjana"]
[Result "0-1"]
[WhiteElo "1944"]
[BlackElo "2412"]
[PlyCount "74"]
[EventDate "2006.09.23"]
[EventType "swiss"]
[EventRounds "9"]
[EventCountry "IOM"]

1. e4 c5 2. Nf3 a6 3. Nc3 e6 4. d4 cxd4 5. Nxd4 Qc7 6. Bd3 Nf6 7. O-O d6 8. f4
g6 9. f5 Bg7 10. Be3 Nc6 11. fxe6 fxe6 12. Nxc6 bxc6 13. e5 Nd5 14. Nxd5 cxd5
15. Qg4 Bxe5 16. Bxg6+ hxg6 17. Qxg6+ Kd7 18. Rf7+ Kc6 19. Rxc7+ Kxc7 20. Bf4
Bd4+ 21. Kh1 Bd7 22. c4 Raf8 23. Bg3 dxc4 24. Rc1 Rhg8 25. Rxc4+ Kb7 26. Qb1 e5
27. Qc1 Bb5 28. Bh4 Bxb2 29. Qb1 Bxc4 30. Qxb2+ Kc6 31. h3 Bd5 32. Qc2+ Kb7 33.
Qb2+ Ka8 34. Bf2 Rxg2 35. Qb6 Rgxf2+ 36. Kg1 Rg2+ 37. Kh1 Rf1+ 0-1

[Event "Monarch Assurance Isle of Man 15th"]
[Site "Port Erin IOM"]
[Date "2006.09.23"]
[Round "1.39"]
[White "Ledger, Andrew J"]
[Black "Fabri, Henrik"]
[Result "1-0"]
[WhiteElo "2411"]
[BlackElo "1940"]
[PlyCount "109"]
[EventDate "2006.09.23"]
[EventType "swiss"]
[EventRounds "9"]
[EventCountry "IOM"]

1. c4 Nf6 2. Nc3 e5 3. Nf3 Nc6 4. e3 d6 5. d4 Be7 6. Be2 O-O 7. O-O Bg4 8. d5
Nb8 9. e4 c6 10. Be3 Nbd7 11. Rc1 c5 12. a3 Rc8 13. Nd2 Bxe2 14. Nxe2 Ng4 15.
Rc3 f5 16. exf5 Rxf5 17. Ng3 Nxe3 18. Rxe3 Rf4 19. Nde4 a6 20. Qd3 Qe8 21. Ne2
Rf8 22. b3 Qg6 23. Rg3 Qf5 24. Rh3 h6 25. N2c3 Qh7 26. Re3 Rf7 27. Rb1 a5 28.
Nb5 Rcf8 29. Rf1 Rf6 30. Nxf6+ Nxf6 31. Qxh7+ Kxh7 32. h3 g5 33. g3 Kg6 34. Rb1
Rc8 35. Nc3 Bf8 36. Ne4 Nd7 37. Rf3 b6 38. Kf1 Be7 39. g4 Nf6 40. Re3 Rc7 41.
Ke2 h5 42. Nxf6 Bxf6 43. Kd3 Bd8 44. b4 a4 45. bxc5 Rxc5 46. Rb4 Ra5 47. gxh5+
Kxh5 48. Rf3 Kg6 49. Rf8 Bc7 50. Rc8 Ra7 51. Ke4 Kf6 52. Rb1 Ke7 53. Rg1 Kd7
54. Rh8 b5 55. Rxg5 1-0

[Event "Monarch Assurance Isle of Man 15th"]
[Site "Port Erin IOM"]
[Date "2006.09.23"]
[Round "1.40"]
[White "Minor, Harry"]
[Black "Sriram, Jha"]
[Result "0-1"]
[WhiteElo "1500"]
[BlackElo "2408"]
[PlyCount "50"]
[EventDate "2006.09.23"]
[EventType "swiss"]
[EventRounds "9"]
[EventCountry "IOM"]

1. e4 c5 2. Nf3 e6 3. Nc3 a6 4. d3 Nc6 5. Be3 d5 6. a3 d4 7. Bg5 f6 8. Qd2 dxc3
9. Qxc3 fxg5 10. O-O-O Nd4 11. Nxd4 cxd4 12. Qc4 b5 13. Qb3 e5 14. c4 Be6 15.
Kb1 Nf6 16. f3 Rb8 17. a4 bxc4 18. Qxb8 Qxb8 19. dxc4 Bb4 20. b3 Nd7 21. Rd3
Bxc4 22. bxc4 Bc3+ 23. Kc2 Qb2+ 24. Kd1 Qb1+ 25. Ke2 Qe1# 0-1

[Event "Monarch Assurance Isle of Man 15th"]
[Site "Port Erin IOM"]
[Date "2006.09.23"]
[Round "1.41"]
[White "Areshchenko, Alexander"]
[Black "Kuzubov, Yuriy"]
[Result "1/2-1/2"]
[WhiteElo "2641"]
[BlackElo "2554"]
[PlyCount "24"]
[EventDate "2006.09.23"]
[EventType "swiss"]
[EventRounds "9"]
[EventCountry "IOM"]

1. e4 c5 2. Nf3 Nc6 3. d4 cxd4 4. Nxd4 g6 5. Nc3 Bg7 6. Be3 Nf6 7. Bc4 O-O 8.
Bb3 d6 9. f3 Bd7 10. Qd2 Qa5 11. O-O-O Rfc8 12. Kb1 Ne5 1/2-1/2

[Event "Monarch Assurance Isle of Man 15th"]
[Site "Port Erin IOM"]
[Date "2006.09.24"]
[Round "2.1"]
[White "Bobras, Piotr"]
[Black "Akopian, Vladimir"]
[Result "0-1"]
[WhiteElo "2535"]
[BlackElo "2713"]
[PlyCount "82"]
[EventDate "2006.09.23"]
[EventType "swiss"]
[EventRounds "9"]
[EventCountry "IOM"]

1. e4 e6 2. d4 d5 3. Nc3 Bb4 4. e5 c5 5. a3 Bxc3+ 6. bxc3 Qa5 7. Bd2 Qa4 8. Qg4
g6 9. Qd1 b6 10. h4 h5 11. Bd3 Ba6 12. dxc5 bxc5 13. Nf3 Nd7 14. O-O Ne7 15.
Bg5 Nf5 16. Re1 Bxd3 17. cxd3 Qxd1 18. Rexd1 O-O 19. Rdb1 Rfb8 20. a4 Kf8 21.
Bc1 Ke8 22. Ba3 Ne7 23. d4 Nc6 24. Bxc5 Nxc5 25. dxc5 Rc8 26. a5 Nd8 27. a6
Rxc5 28. Ra3 Nc6 29. Rb7 Na5 30. Rxa5 Rxa5 31. Ng5 Rxa6 32. Nxf7 Rb6 33. Nd6+
Kf8 34. Rf7+ Kg8 35. Rc7 Rbb8 36. c4 dxc4 37. Ne4 Rf8 38. Nf6+ Rxf6 39. exf6 a5
40. Rg7+ Kf8 41. Rh7 Ra6 0-1

[Event "Monarch Assurance Isle of Man 15th"]
[Site "Port Erin IOM"]
[Date "2006.09.24"]
[Round "2.2"]
[White "Krasenkow, Michal"]
[Black "Hebden, Mark"]
[Result "1-0"]
[WhiteElo "2635"]
[BlackElo "2532"]
[PlyCount "81"]
[EventDate "2006.09.23"]
[EventType "swiss"]
[EventRounds "9"]
[EventCountry "IOM"]

1. d4 Nf6 2. Nf3 g6 3. c4 Bg7 4. Nc3 O-O 5. e4 d6 6. h3 e5 7. d5 a5 8. Bg5 Na6
9. Be2 Nc5 10. Nd2 h6 11. Be3 Bd7 12. g4 c6 13. h4 a4 14. g5 hxg5 15. hxg5 Nh7
16. Rg1 Qa5 17. Qc2 cxd5 18. Nxd5 Rfe8 19. Qc3 Bc6 20. Bxc5 Qxc5 21. Nc7 Nf8
22. Bg4 Nh7 23. Bh3 Bf8 24. Nxe8 Rxe8 25. b4 axb3 26. axb3 b5 27. Ra6 Bb7 28.
Ra5 b4 29. Qa1 Qc7 30. Ra7 Be7 31. Qa4 Rb8 32. Nf3 d5 33. cxd5 Qc3+ 34. Ke2
Qc2+ 35. Nd2 Bxg5 36. Qa2 Qc3 37. Rg3 Qc5 38. Rxb7 Rxb7 39. Qa8+ Kg7 40. Qxb7
Bxd2 41. Rxg6+ 1-0

[Event "Monarch Assurance Isle of Man 15th"]
[Site "Port Erin IOM"]
[Date "2006.09.24"]
[Round "2.3"]
[White "Efimenko, Zahar"]
[Black "Al Sayed, Mohamad"]
[Result "1/2-1/2"]
[WhiteElo "2632"]
[BlackElo "2492"]
[PlyCount "135"]
[EventDate "2006.09.23"]
[EventType "swiss"]
[EventRounds "9"]
[EventCountry "IOM"]

1. e4 c6 2. d4 d5 3. Nc3 dxe4 4. Nxe4 Bf5 5. Ng3 Bg6 6. Bc4 e6 7. N1e2 Bd6 8.
Nf4 Nf6 9. c3 Nd5 10. Nxg6 hxg6 11. Ne4 Be7 12. Qf3 Nd7 13. Bd2 a5 14. O-O-O b5
15. Bd3 a4 16. h4 a3 17. b3 Qb6 18. Bc2 N7f6 19. b4 Nxe4 20. Bxe4 Rf8 21. Kb1
O-O-O 22. Rc1 Rd7 23. Rc2 Kb7 24. g3 Bf6 25. g4 Be7 26. g5 Bd6 27. Rhc1 Rh8 28.
Qh3 Rc7 29. Bh1 Ra8 30. Qg4 Ra4 31. Qe4 Ra8 32. Ka1 Rd8 33. Rb1 Re8 34. Bg2 Kc8
35. Bf1 Kd7 36. Bh3 Kd8 37. Rb3 Ra7 38. Rb1 Rc7 39. c4 bxc4 40. Rxc4 e5 41. Qf3
exd4 42. Qxa3 Re2 43. Qa8+ Ke7 44. Bg4 Be5 45. Bxe2 d3+ 46. Rb2 Qxf2 47. Re4
Qg1+ 48. Bf1 Qxf1+ 49. Re1 Qf5 50. Qa3 Kf8 51. Rxe5 Qxe5 52. Qxd3 Rd7 53. a3
Kg8 54. Qc2 Ne3 55. Qc5 Nd5 56. b5 Rb7 57. b6 Rxb6 58. Bc3 Qc7 59. Rxb6 Qxb6
60. Qxb6 Nxb6 61. Bd4 Nd7 62. Kb2 f6 63. a4 Kf7 64. a5 Nb8 65. Kc3 Ke6 66. Bb6
Kd5 67. Bd8 Ke6 68. Kc4 1/2-1/2

[Event "Monarch Assurance Isle of Man 15th"]
[Site "Port Erin IOM"]
[Date "2006.09.24"]
[Round "2.4"]
[White "Gormally, Daniel W"]
[Black "Volkov, Sergey1"]
[Result "1/2-1/2"]
[WhiteElo "2513"]
[BlackElo "2628"]
[PlyCount "142"]
[EventDate "2006.09.23"]
[EventType "swiss"]
[EventRounds "9"]
[EventCountry "IOM"]

1. d4 d5 2. c4 c6 3. Nf3 Nf6 4. Nc3 a6 5. e3 b5 6. b3 Bg4 7. Be2 e6 8. h3 Bf5
9. O-O Nbd7 10. Bd3 Bb4 11. Bb2 Bxd3 12. Qxd3 O-O 13. a4 dxc4 14. bxc4 Nc5 15.
Qc2 Bxc3 16. Bxc3 Nxa4 17. Bb4 Re8 18. e4 Nb6 19. Ba5 Qb8 20. Ne5 Nxc4 21. Nxc4
bxc4 22. f3 Nh5 23. Qxc4 Nf4 24. Bd2 a5 25. Kh1 Nh5 26. Rfb1 Qc7 27. Be3 h6 28.
Bf2 Rec8 29. Ra2 Rab8 30. Rab2 Rxb2 31. Rxb2 g5 32. Qa6 Rb8 33. Rxb8+ Qxb8 34.
Qxa5 Qb2 35. Qe1 Nf4 36. Qf1 Qd2 37. Qe1 Qb2 38. Qf1 Qd2 39. Qe1 Qc2 40. Qf1 f5
41. exf5 exf5 42. Be3 Qe2 43. Qg1 Nd3 44. Bc1 Kf7 45. h4 f4 46. hxg5 hxg5 47.
Ba3 Qa2 48. Bc5 Ke6 49. Bb6 Kd5 50. Qf1 Kc4 51. Bd8 Kxd4 52. Bxg5 c5 53. Qg1+
Ke5 54. Kh2 Kf5 55. Bh4 Qd5 56. Qb1 c4 57. Qb8 Ne5 58. Qh8 Qf7 59. Bf2 {(=)}
Ke6 60. Bd4 Nc6 61. Bc3 Kd5 62. Qh6 Qf5 63. Bd2 Nd4 64. Bxf4 c3 65. Qg5 Qxg5
66. Bxg5 c2 67. Kg1 Kc4 68. Kf2 Kd3 69. Ke1 Nb3 70. Bf4 Nc5 71. g4 Kd4 1/2-1/2

[Event "Monarch Assurance Isle of Man 15th"]
[Site "Port Erin IOM"]
[Date "2006.09.24"]
[Round "2.5"]
[White "Socko, Bartosz"]
[Black "Arkell, Keith"]
[Result "1/2-1/2"]
[WhiteElo "2621"]
[BlackElo "2479"]
[PlyCount "120"]
[EventDate "2006.09.23"]
[EventType "swiss"]
[EventRounds "9"]
[EventCountry "IOM"]

1. d4 Nf6 2. c4 e6 3. Nf3 Bb4+ 4. Bd2 Bxd2+ 5. Nbxd2 d5 6. Qc2 Nbd7 7. cxd5
exd5 8. e3 O-O 9. Bd3 Re8 10. Rc1 c6 11. b4 a6 12. O-O Qe7 13. Rb1 g6 14. Nb3
Qxb4 15. Nc5 Qa5 16. Nxb7 Bxb7 17. Rxb7 c5 18. Qd2 Qxd2 19. Nxd2 c4 20. Bc2
Reb8 21. Rfb1 Rxb7 22. Rxb7 Rb8 23. Rxb8+ Nxb8 24. Nb1 Nfd7 25. Nc3 Nb6 26. Bd1
Nc6 27. Bf3 Ne7 28. Kf1 f5 29. g4 Kf7 30. gxf5 gxf5 31. Kg2 Ke6 32. Kg3 Ng6 33.
Bg2 f4+ 34. Kg4 fxe3 35. fxe3 Ne7 36. Kg5 Kf7 37. Bh3 Kg7 38. Kf4 Kf6 39. e4
Ng6+ 40. Ke3 Ne7 41. Bg4 Kf7 42. h4 Kf6 43. a4 a5 44. Kf3 Ng6 45. h5 Ne7 46.
Kf4 h6 47. Bh3 dxe4 48. Kxe4 Ned5 49. Ne2 c3 50. Kd3 Nxa4 51. Kc4 Nab6+ 52. Kc5
a4 53. Bg2 a3 54. Nc1 Nf4 55. Be4 Nd7+ 56. Kc4 Ne2 57. Na2 Ng3 58. Bc2 Nxh5 59.
Nxc3 Ng3 60. Kb3 Nf5 1/2-1/2

[Event "Monarch Assurance Isle of Man 15th"]
[Site "Port Erin IOM"]
[Date "2006.09.24"]
[Round "2.6"]
[White "Williams, Simon K"]
[Black "Kazhgaleyev, Murtas"]
[Result "1/2-1/2"]
[WhiteElo "2473"]
[BlackElo "2606"]
[PlyCount "22"]
[EventDate "2006.09.23"]
[EventType "swiss"]
[EventRounds "9"]
[EventCountry "IOM"]

1. d4 d5 2. c4 c6 3. Nc3 Nf6 4. Nf3 e6 5. Bg5 dxc4 6. e4 b5 7. e5 h6 8. Bh4 g5
9. exf6 gxh4 10. Ne5 Qxf6 11. Be2 Bg7 1/2-1/2

[Event "Monarch Assurance Isle of Man 15th"]
[Site "Port Erin IOM"]
[Date "2006.09.24"]
[Round "2.7"]
[White "Shabalov, Alexander"]
[Black "Paehtz, Elisabeth"]
[Result "1-0"]
[WhiteElo "2604"]
[BlackElo "2456"]
[PlyCount "79"]
[EventDate "2006.09.23"]
[EventType "swiss"]
[EventRounds "9"]
[EventCountry "IOM"]

1. e4 c5 2. Na3 b6 3. g3 Bb7 4. Bg2 g6 5. Qe2 Bg7 6. f4 Nc6 7. c3 d6 8. Nh3 Qd7
9. O-O O-O-O 10. d3 Kb8 11. Be3 f5 12. Rad1 Nf6 13. exf5 gxf5 14. d4 cxd4 15.
cxd4 Nb4 16. Bxb7 Qxb7 17. Ng5 Rhg8 18. d5 Nfxd5 19. Bd4 Bxd4+ 20. Rxd4 e5 21.
Rc4 exf4 22. Ne6 Rde8 23. Nb5 Qd7 24. Nbd4 fxg3 25. h3 Rc8 26. a3 Nc6 27. Nxc6+
Rxc6 28. Nd4 Rxc4 29. Qxc4 Ne7 30. Qf7 Rc8 31. Re1 Qa4 32. Qf6 Nc6 33. Qxd6+
Ka8 34. Rc1 Ne7 35. Rxc8+ Nxc8 36. Qd5+ Kb8 37. Nc6+ Kc7 38. Qd8+ Kb7 39. Qd7+
Ka6 40. Nb8+ 1-0

[Event "Monarch Assurance Isle of Man 15th"]
[Site "Port Erin IOM"]
[Date "2006.09.24"]
[Round "2.8"]
[White "Zatonskih, Anna"]
[Black "Iordachescu, Viorel"]
[Result "1-0"]
[WhiteElo "2432"]
[BlackElo "2603"]
[PlyCount "79"]
[EventDate "2006.09.23"]
[EventType "swiss"]
[EventRounds "9"]
[EventCountry "IOM"]

1. e4 c6 2. d4 d5 3. exd5 cxd5 4. Bd3 Nc6 5. c3 Qc7 6. Ne2 Bg4 7. Qb3 Bxe2 8.
Bxe2 e6 9. Na3 a6 10. Bf4 Qd7 11. Nb1 Na5 12. Qc2 Bd6 13. Bg3 Ne7 14. Nd2 Rc8
15. Nf3 Ng6 16. O-O Nc6 17. Qd2 Qc7 18. Bd3 Nf4 19. Bc2 Nh5 20. Rfe1 O-O 21.
Qg5 Nf6 22. Qh4 h6 23. Ne5 Rfd8 24. Rac1 Qe7 25. Qh3 Qf8 26. Bf4 Rc7 27. Re3 g5
28. Bg3 Qg7 29. Ng4 Nxg4 30. Qxg4 Bxg3 31. Qxg3 Rdc8 32. Rd1 b5 33. f4 b4 34.
fxg5 hxg5 35. Bd3 bxc3 36. bxc3 Nb8 37. Rf1 Re7 38. Qg4 f5 39. Qe2 Rce8 40. Re1
{time} 1-0

[Event "Monarch Assurance Isle of Man 15th"]
[Site "Port Erin IOM"]
[Date "2006.09.24"]
[Round "2.9"]
[White "Malakhatko, Vadim"]
[Black "Haslinger, Stewart"]
[Result "1-0"]
[WhiteElo "2594"]
[BlackElo "2423"]
[PlyCount "57"]
[EventDate "2006.09.23"]
[EventType "swiss"]
[EventRounds "9"]
[EventCountry "IOM"]

1. c4 e6 2. d4 d5 3. Nf3 Nf6 4. Nc3 Be7 5. Bg5 h6 6. Bh4 O-O 7. e3 b6 8. Bd3
dxc4 9. Bxc4 Bb7 10. O-O Nbd7 11. Qe2 a6 12. Rfd1 b5 13. Bd3 Nd5 14. Bxe7 Qxe7
15. a4 bxa4 16. Nxa4 Nb4 17. Rac1 Rfd8 18. Rxc7 Bxf3 19. Qxf3 Nxd3 20. Rxd3 Qb4
21. Qd1 Nf6 22. h3 Ne4 23. Rc1 Rac8 24. Ra1 Rd5 25. f3 Ng3 26. Rb3 Ne2+ 27. Kf2
Qc4 28. Nb6 Qc2 29. Nxc8 1-0

[Event "Monarch Assurance Isle of Man 15th"]
[Site "Port Erin IOM"]
[Date "2006.09.24"]
[Round "2.10"]
[White "Hanley, Craig A"]
[Black "Postny, Evgeny"]
[Result "1/2-1/2"]
[WhiteElo "2419"]
[BlackElo "2591"]
[PlyCount "44"]
[EventDate "2006.09.23"]
[EventType "swiss"]
[EventRounds "9"]
[EventCountry "IOM"]

1. e4 e5 2. Nf3 Nc6 3. Bb5 a6 4. Ba4 Nf6 5. O-O Be7 6. Re1 b5 7. Bb3 d6 8. c3
O-O 9. h3 Na5 10. Bc2 c5 11. d4 Qc7 12. Nbd2 Rd8 13. b3 cxd4 14. cxd4 Bb7 15.
Bb2 Nc6 16. Rc1 Qb6 17. Nf1 d5 18. exd5 Rxd5 19. Ne3 Rdd8 20. Nf5 Bb4 21. Nxe5
Bxe1 22. Qxe1 a5 1/2-1/2

[Event "Monarch Assurance Isle of Man 15th"]
[Site "Port Erin IOM"]
[Date "2006.09.24"]
[Round "2.11"]
[White "Ikonnikov, Vyacheslav"]
[Black "Cox, John J"]
[Result "1-0"]
[WhiteElo "2587"]
[BlackElo "2418"]
[PlyCount "113"]
[EventDate "2006.09.23"]
[EventType "swiss"]
[EventRounds "9"]
[EventCountry "IOM"]

1. d4 Nf6 2. Nf3 e6 3. c4 c5 4. d5 d6 5. Nc3 exd5 6. cxd5 g6 7. e4 a6 8. h3 b5
9. Bd3 Bg7 10. O-O O-O 11. Re1 Re8 12. a3 Nbd7 13. Bf4 Qb6 14. Qd2 Bb7 15. b4
Rac8 16. Rac1 Nh5 17. Bh2 Nhf6 18. Rc2 Nh5 19. Bf1 Nhf6 20. Bd3 Nh5 21. Rcc1
Nhf6 22. Bf4 Nh5 23. Bh6 Bh8 24. g4 Nhf6 25. Bf4 Bg7 26. Na2 Ra8 27. Rb1 c4 28.
Bc2 h5 29. g5 Nh7 30. Nc3 Ne5 31. Nxe5 dxe5 32. Be3 Qd6 33. Kh2 Qd7 34. Rg1 Bf8
35. Bc5 Bd6 36. a4 Bc8 37. Qe3 Rb8 38. axb5 axb5 39. Ra1 Qe7 40. Ra7 Bxc5 41.
Qxc5 Qd8 42. Qc7 Qxc7 43. Rxc7 Rd8 44. h4 Bd7 45. Ra1 Nf8 46. Kg3 f6 47. gxf6
Rb6 48. f7+ Kxf7 49. f4 Kf6 50. Raa7 Rc8 51. Rc5 Rcb8 52. Kf3 R8b7 53. Ra5 Bg4+
54. Ke3 Bd7 55. Ne2 Be8 56. fxe5+ Kxe5 57. Rc8 1-0